000
00321 a2200133 4500
000
nam a22 7a 4500
100
_a
Deepak, Prasad
110
_a
Deepak, Prasad
245
_a
An Introduction to Public Administration
250
_a
latest edition
260
_b
Oxford
_c
2026
264
_b
Oxford
_c
2026
942
_c
BK
999
_c
394497
_d
394497